000 00484nmm a2200169Ia 4500
008 251105s9999||||xx |||||||||||||||||und||
020 _a9788446046721
041 _aspa
100 _aRousseau, Jean-Jacques
245 0 _aJulia o la nueva Eloísa
264 _a[Madrid, España] :
_bAkal,
_c2007
300 _a832 páginas
490 _aClásicos de la Literatura Francesa
650 _aFrench narrative
856 _uhttps://public.digitaliapublishing.com/a/55207
942 _cCF
999 _c83149
_d83149